000 00282nam a22001217a 4500
008 170605b xxu||||| |||| 00| 0 eng d
041 _aeng
080 _a94
100 _a18
101 _aSHH
245 _aESSAYS IN THE HISTORY OF EKONOMICS
_cSTIGLER.G.J
942 _2udc
_cBK
999 _c15939
_d15939